Una fábula.

Guardado en:
Detalles Bibliográficos
Autor principal: Maggi Yáñez, Rolando Emilio (autor)
Formato: Libro
Idioma:Español
Temas:
Etiquetas: Agrega una etiqueta
Sin etiquetas, Sé el primero en etiquetar este registro!

MARC

LEADER 00000nam^a2200000^u^4500
001 000502421
005 20250521000000.0
008 071204s1000^^^^^^^^^^^^r^^^^^000^0^spa^d
009 20260310125826.776
035 |a FCE 000046613 
037 |a Acervo ITESO - Biblioteca 
041 |a spa 
082 0 4 |a 308.45  |b MAGf 
100 |a Maggi Yáñez, Rolando Emilio  |e (autor) 
245 1 4 |a Una fábula.  |h [videograbación] 
264 |a México :  |b [s.n.],  |c [199-]. 
300 |a 1 videocasete [ca. 120 min.]  |b son. col. 
336 |a texto  |b txt  |2 rdacontenido 
337 |a sin mediación  |b n  |2 rdamedio 
338 |a volumen  |b nc  |2 rdasoporte 
596 |a Formato BETA 
649 |a XX 
650 |a Cuento 
650 |a Fábulas 
910 |a Fondo Centro de Estudios Educativos 
920 |a Impresos - Libros 
930 |a Fondos Especiales 
905 |a 133 
901 |a ALE063080  |b IT2  |c CEE  |u 20250521 
901 |a ALE063082  |b IT2  |c CEE  |u 20250521 
902 |a https://opac.biblio.iteso.mx/vufind/Record/000502421